01278nam a2200433 4500001000900000003000900009005001700018007000200035008004100037015000600078016001000084017000900094020001500103028000600118035000600124040002500130041000800155084000600163130005400169240003800223245004600261260003300307300002500340490004400365500004000409511000600449521003700455546002500492700003100517700003300548700003500581700002900616700003400645700003000679700003200709700002900741700003000770830004400800 0050175DO-SdBNP20180202150320.0 990304s1988 sp 098 d 1vlspa  a 7 2BPMSU a b  a843209095640a  a  aBPMSUbspacBPMSUe 1 aspa 2 40aThe prisoner of Zenda (Richard Thorpe)lEspañol aThe prisoner of ZendalEspañol 13aEl prisionero de Zenda /cAnthony Hopeh 0 aBarcelona : bPlaneta,c1988 a215 p.: c23 cm. b  aBiblioteca mundial de grandes aventura  aBasada en la novela de Anthony Hope1 a  aNo recomendada menores 13 años aDoblada en español11aThorpe, Richardd1896-199111aBerman, Pandro S.d1905-199611aBalderston, John L.d1899-195411aLangley, Noeld1911-198011aRuttenberg, Josephd1889-198311aNewman, Alfredd1901-197011aGranger, Stewartd1913-199311aKerr, Deborahd1921-200711aCalhern, Louisd1895-1956 pBiblioteca mundial de grandes aventura